ნორმალური ფორმატი
MARC ფორმატი
ჩანაწერი Personal Name
ჩანაწერთა რაოდენობა, რომელიც გამოყენებულია: 2
001 - CONTROL NUMBER
- control field: 10803
003 - CONTROL NUMBER IDENTIFIER
- control field: GE_BSU
005 - DATE AND TIME OF LATEST TRANSACTION
- control field: 20210329162306.0
008 - FIXED-LENGTH DATA ELEMENTS
- fixed length control field: 210329|| aca||aabn | a|a d
040 ## - CATALOGING SOURCE
- Original cataloging agency: GE_BSU
- Transcribing agency: GE_BSU
100 ## - HEADING--PERSONAL NAME
- Personal name: მაკარაძე, ნანა
- Relator term: მეცნ. ხელმძღვანელი
670 ## - SOURCE DATA FOUND
- Source citation: Work cat.: (GE_BSU)53595: ფუტკარაძე, ნანა 10802, მხატვრული ტექსტის ანალიზი, როგორც დაწყებითი კლასების მოსწავლეთა ინტელექტუალური განვითარების საშუალება /
